[Event "Canary Islands-ch 2019"]
[Site "La Palma"]
[Date "2019.05.03"]
[Round "3.3"]
[White "Cruz Gomez, Isidro"]
[Black "Ramirez Medina, Victor"]
[Result "0-1"]
[WhiteElo "2051"]
[BlackElo "2233"]
[Annotator "NA"]
[PlyCount "50"]
[EventDate "2019.05.02"]
[EventType "swiss"]
[EventCountry "ESP"]
[SourceTitle "playchess.com"]
[Source "ChessBase"]
[SourceQuality "1"]
[TimeControl "5400+30"]

1. d4 {[%emt 0:00:00]} Nf6 {[%emt 0:00:00]} 2. c4 {[%emt 0:00:00]} e6 {[%emt 0:00:06]} 3. Nf3 {[%emt 0:00:13]} d5 {[%emt 0:00:14]} 4. g3 {[%emt 0:00:09]} dxc4 {[%emt 0:00:22]} 5. Bg2 {[%emt 0:00:17]} a6 {[%emt 0:00:29]} 6. Ne5 {[%emt 0:01:07]} c5 {[%emt 0:01:31]} 7. e3 {[%emt 0:04:27] E04: Open Catalan: 5 Nf3} (7. Be3 Nd5 8. Nc3 Nxe3 9. fxe3 Nd7 10. Nxc4 Be7 11. dxc5 Bxc5 12. Nd6+ Bxd6 13. Qxd6 Qe7 14. Qd4 Nf6 15. O-O O-O {½-½ (64) Onischuk,A (2681)-Bruzon Batista,L (2673) Saint Louis 2018}) 7... cxd4 {[%emt 0:02:07]} 8. exd4 {[%emt 0:00:12]} Bb4+ {[%emt 0:01:23]} 9. Nc3 {[%emt 0:01:38]} O-O {[%emt 0:00:41]} 10. Nxc4 $146 {[%emt 0:03:11]} ({Predecessor:} 10. O-O Nd5 11. Nxc4 Bxc3 12. bxc3 b5 13. Ne5 Ra7 14. Ba3 Re8 {1-0 (32) Markus,R (2550)-Portisch,L (2543) Hungary 2004}) 10... Nc6 {[%emt 0:05:27]} 11. Be3 {[%emt 0:07:56]} Nd5 {[%emt 0:01:47]} 12. Qd3 {[%emt 0:02:49]} e5 {[%emt 0:11:46]} 13. Bxd5 {[%emt 0:06:43]} Bxc3+ {[%emt 0:03:32]} 14. Qxc3 {[%emt 0:02:49]} Qxd5 {[%emt 0:10:22]} 15. O-O-O {[%emt 0:00:15]} Bg4 {[%emt 0:01:53]} 16. dxe5 {[%emt 0:14:01]} Bxd1 {[%emt 0:00:33]} 17. Rxd1 {[%emt 0:00:06]} Qe4 {[%emt 0:02:30]} 18. Bc5 {[%emt 0:03:29]} Rfd8 {[%emt 0:02:38]} 19. Bd6 {[%emt 0:03:09]} Rac8 {[%emt 0:03:18]} 20. f3 {[%emt 0:03:13]} Qf5 {[%emt 0:01:53]} 21. g4 $2 {[%emt 0:07:59]} (21. Nb6 Nd4 22. Nxc8 Rxc8 23. Rxd4 Rxc3+ 24. bxc3) 21... Qf4+ {[%emt 0:01:44]} 22. Kb1 {[%emt 0:00:10]} Nxe5 {[%emt 0:07:24]} 23. Rd4 {[%emt 0:05:07]} Rxc4 {[%emt 0:03:12]} 24. Rxc4 {[%emt 0:03:56]} Qxc4 $19 {[%emt 0:01:21]} 25. Qxe5 {[%emt 0:00:17]} Qd3+ {[%emt 0:00:22]} 0-1

[Event "Canary Islands-ch 2019"]
[Site "La Palma"]
[Date "2019.05.04"]
[Round "4.1"]
[White "Ramirez Medina, Victor"]
[Black "Perez Guerra, Raul"]
[Result "1-0"]
[WhiteElo "2233"]
[BlackElo "2125"]
[Annotator "TA"]
[PlyCount "122"]
[EventDate "2019.05.02"]
[EventType "swiss"]
[EventCountry "ESP"]
[SourceTitle "playchess.com"]
[Source "ChessBase"]
[SourceQuality "1"]

{[%evp 10,122,94,81,77,75,83,100,108,63,80,-35,-28,-35,-53,-540,0,0,0,0,41,47,68,80,138,45,75,35,101,35,75,64,97,88,96,89,88,88,102,104,116,118,135,93,98,97,130,145,127,116,131,124,455,455,455,455,442,437,881,878,833,827,802,783,1801,1775,1023,630,689,455,618,612,589,630,682,654,703,627,1008,1007,983,969,2369,2848,2762,2379,1294,1279,1279,1193,1146,1061,989,1085,1830,1052,29975,1501,4134,4134,29975,4829,29980,29979,29979,5875,29979,1181,29984,29985,29985,29986,29986,29987,29987]} 1. d4 d5 2. c4 e5 3. dxe5 d4 4. Nf3 Nc6 5. a3 Be6 6. Nbd2 Qd7 {D08: Albin Counter Gambit} (6... Nge7 7. Nb3 Bxc4 8. Nbxd4 Qd5 9. Qc2 Nxd4 10. Nxd4 Qxd4 11. e3 Qxe5 12. Bxc4 Ng6 13. Bd2 Bd6 14. Bc3 {1-0 (44) Ivanisevic,I (2664)-Khenkin,I (2655) Subotica 2008}) 7. b4 Nge7 8. Bb2 Ng6 {White is better.} 9. Rc1 Rd8 $146 ({Predecessor:} 9... Ngxe5 10. Nxe5 Nxe5 11. c5 Be7 12. Nb3 Bxb3 13. Qxb3 {½-½ (45) Elek,M (1868)-Juhasz,M (2003) Hungary 2015}) 10. b5 (10. Qb3 $16) 10... Ncxe5 $15 11. Nxd4 {[#]} Bxa3 $1 {[%mdl 512]} 12. Nxe6 $4 {[%mdl 8192]} ({White has to play} 12. Bxa3 $15 Qxd4 13. e3 Nd3+ 14. Bxd3 Qxd3 15. Bc5) 12... Bxb2 $2 (12... Qxe6 $19 {[%csl Gd8][%cal Re5d3]} 13. Bxe5 (13. Bxa3 $2 {leads to mate.} Nd3#) 13... Nxe5) 13. Nxd8 $11 {aiming for Rc2.} Bxc1 14. Qxc1 Qxd8 15. g3 h5 16. Bg2 c6 (16... O-O $142) 17. Qc3 (17. bxc6 $1 $16 bxc6 18. f4) 17... O-O 18. O-O Qc7 ({Black should try} 18... cxb5 $14 19. cxb5 Qd7) 19. Qb4 (19. f4 $16) 19... cxb5 20. cxb5 a5 21. bxa6 $1 bxa6 22. Qa4 Rd8 23. Ne4 a5 24. Ra1 Nc4 25. Rc1 Nb6 26. Qa3 Qe5 27. h4 $1 Qd4 28. Qxa5 {Black must now prevent Rc6.} Ne5 29. Qb5 {And now e3 would win.} Nbc4 30. Qb4 Qa7 $2 {[%mdl 8192]} (30... Nb6 $16 {is a better chance.} 31. Qe7 Ng6) 31. Rxc4 $18 Qa1+ {[#]} 32. Bf1 $1 Nxc4 33. Qxc4 Rd1 (33... Qd4 $142 34. Qc7 Rd7) 34. Qc8+ Kh7 35. Ng5+ {[%mdl 64] Double Attack} Kh6 36. Nxf7+ Kh7 37. Ng5+ Kh6 38. Qh3 g6 39. Nf3 Kg7 40. Nh2 Qe5 41. e3 Qf6 42. Qc8 g5 43. Qb7+ Kh8 44. hxg5 Qxg5 45. Nf3 Qf6 46. Kg2 Rd8 47. e4 Rf8 48. Be2 h4 49. gxh4 Qf4 50. Qb2+ Kh7 51. Qe5 Qg4+ 52. Kh2 {White wants to mate with Ng5+.} Qd7 53. Qh5+ (53. Ng5+ $142 Kh6 54. Ne6 Rxf2+ 55. Kg3 Qf7 56. Qh8+ Qh7 57. Qxh7+ Kxh7 58. Kxf2) 53... Kg7 54. Kg2 Qa7 55. e5 (55. Qe5+ $142 Kh6 56. Qd6+ {[%mdl 64] Double Attack} Kg7 57. Bc4 Rf6 58. Qd8 Qc5 59. Qg8+ Kh6 {[#]} 60. Qg5+ $1 {[%mdl 512]} Qxg5+ 61. hxg5+ Kg7 62. gxf6+ Kxf6 63. e5+ Ke7 64. Nd4) 55... Rf7 56. Qg5+ Kf8 57. Qd8+ Kg7 58. Qd4 (58. Bc4 $142 Qe7 59. Qd4 Qb7 60. Bxf7 Kxf7 61. h5 Ke8 62. e6 Qc6 63. Qf6) 58... Qb7 59. e6+ {White mates.} Rf6 {[#]} 60. Qe5 $1 Qe7 61. Ng5 Kf8 {Accuracy: White = 59%, Black = 19%.} 1-0

[Event "Canary Islands-ch 2019"]
[Site "La Palma"]
[Date "2019.05.04"]
[Round "4.2"]
[White "Korneev Leskova, Svyatoslav"]
[Black "Cubas Cabrera, Angel Luis"]
[Result "1/2-1/2"]
[WhiteElo "2156"]
[BlackElo "2123"]
[Annotator "NA"]
[PlyCount "34"]
[EventDate "2019.05.02"]
[EventType "swiss"]
[EventCountry "ESP"]
[SourceTitle "playchess.com"]
[Source "ChessBase"]
[SourceQuality "1"]
[TimeControl "5400+30"]

{[%evp 18,27,2,-12,5,7,10,0,6,0,5,6]} 1. c4 {[%emt 0:00:00]} e6 {[%emt 0:00:00]} 2. Nf3 {[%emt 0:00:01]} d5 {[%emt 0:00:00]} 3. g3 {[%emt 0:00:05]} Nf6 {[%emt 0:00:10]} 4. Bg2 {[%emt 0:00:06]} Be7 {[%emt 0:00:09]} 5. O-O {[%emt 0:00:07]} O-O {[%emt 0:00:10]} 6. b3 {[%emt 0:00:07]} b6 {[%emt 0:00:40]} 7. Bb2 {[%emt 0:01:43]} Bb7 {[%emt 0:00:26]} 8. cxd5 {[%emt 0:01:19]} Nxd5 {[%emt 0:02:12]} 9. Nc3 {[%emt 0:01:09]} c5 {[%emt 0:06:16]} 10. d4 {[%emt 0:04:08]} Nd7 {[%emt 0:05:30]} 11. Qd2 {[%emt 0:08:36]} Rc8 {[%emt 0:03:43]} 12. Rfd1 {[%emt 0:08:34]} Qc7 {[%emt 0:05:03]} 13. Rac1 {[%emt 0:09:43]} Qb8 {[%emt 0:01:52]} 14. Nxd5 $11 {[%emt 0:05:48]} Bxd5 {[%emt 0:00:02]} 15. dxc5 {[%emt 0:00:01]} Nxc5 {[%emt 0:00:04]} 16. Bd4 {[%emt 0:00:03]} Rfd8 {[%emt 0:00:09]} 17. Qb2 {[%emt 0:00:04]} Bf8 {[%emt 0:00:02]} 1/2-1/2

[Event "Canary Islands-ch 2019"]
[Site "La Palma"]
[Date "2019.05.04"]
[Round "5.1"]
[White "Martin Hernandez, Ruben"]
[Black "Ramirez Medina, Victor"]
[Result "1/2-1/2"]
[WhiteElo "2170"]
[BlackElo "2233"]
[Annotator "NA"]
[PlyCount "41"]
[EventDate "2019.05.02"]
[EventType "swiss"]
[EventCountry "ESP"]
[SourceTitle "playchess.com"]
[Source "ChessBase"]
[SourceQuality "1"]
[TimeControl "5400+30"]

1. e4 {[%emt 0:00:17]} c5 {[%emt 0:00:00]} 2. Nf3 {[%emt 0:00:12]} d6 {[%emt 0:00:00]} 3. d4 {[%emt 0:00:36]} cxd4 {[%emt 0:00:03]} 4. Qxd4 {[%emt 0:00:07]} Nc6 {[%emt 0:00:32]} 5. Bb5 {[%emt 0:00:21]} a6 {[%emt 0:00:16]} 6. Bxc6+ {[%emt 0:00:43]} bxc6 {[%emt 0:00:07]} 7. Nc3 {[%emt 0:03:39]} e5 {[%emt 0:00:51]} 8. Qe3 {[%emt 0:05:36]} Nf6 {[%emt 0:02:09]} 9. O-O {[%emt 0:00:32]} Be7 {[%emt 0:01:01]} 10. b3 {[%emt 0:02:41]} O-O {[%emt 0:01:44]} 11. Bb2 {[%emt 0:00:07]} Bg4 {[%emt 0:02:05]} 12. Rad1 {[%emt 0:02:48]} Qc7 {[%emt 0:01:03]} 13. h3 {[%emt 0:01:41]} Bh5 {[%emt 0:00:29]} 14. Ne2 {[%emt 0:05:22]} Rfe8 {[%emt 0:06:43]} 15. c4 {[%emt 0:02:22]} Bxf3 {[%emt 0:06:06]} 16. Qxf3 {[%emt 0:00:09]} a5 {[%emt 0:00:07]} 17. Nc3 {[%emt 0:00:49]} Nd7 {[%emt 0:01:22]} 18. Rd2 {[%emt 0:06:38]} Bg5 {[%emt 0:01:42]} 19. Rdd1 {[%emt 0:00:30]} Be7 {[%emt 0:01:32]} 20. Rd2 {[%emt 0:01:07]} Bg5 {[%emt 0:00:35]} 21. Rdd1 {[%emt 0:00:06]} 1/2-1/2

[Event "Canary Islands-ch 2019"]
[Site "La Palma"]
[Date "2019.05.04"]
[Round "5.2"]
[White "Martin Rodriguez, Pablo"]
[Black "Korneev Leskova, Svyatoslav"]
[Result "1/2-1/2"]
[WhiteElo "2004"]
[BlackElo "2156"]
[Annotator "NA"]
[PlyCount "36"]
[EventDate "2019.05.02"]
[EventType "swiss"]
[EventCountry "ESP"]
[SourceTitle "playchess.com"]
[Source "ChessBase"]
[SourceQuality "1"]
[TimeControl "5400+30"]

1. d4 {[%emt 0:00:05]} e6 {[%emt 0:00:00]} 2. c4 {[%emt 0:00:05]} f5 {[%emt 0:00:00]} 3. g3 {[%emt 0:00:06]} Nf6 {[%emt 0:00:00]} 4. Bg2 {[%emt 0:00:04]} d5 {[%emt 0:00:05]} 5. Nf3 {[%emt 0:00:08]} c6 {[%emt 0:00:06]} 6. O-O {[%emt 0:00:04]} Bd6 {[%emt 0:00:04]} 7. b3 {[%emt 0:00:20]} Qe7 {[%emt 0:00:05]} 8. a4 {[%emt 0:00:03]} a5 {[%emt 0:00:55]} 9. Ba3 {[%emt 0:00:07]} Bxa3 {[%emt 0:00:07]} 10. Nxa3 {[%emt 0:00:07]} b6 {[%emt 0:00:55]} 11. cxd5 {[%emt 0:06:03]} cxd5 {[%emt 0:06:15]} 12. Ne5 {[%emt 0:08:08]} Bb7 {[%emt 0:02:37]} 13. Nb5 {[%emt 0:00:31]} Na6 {[%emt 0:00:25]} 14. Rc1 {[%emt 0:06:43]} O-O {[%emt 0:00:02]} 15. Nc6 {[%emt 0:00:01]} Qd7 {[%emt 0:00:01]} 16. Ne5 {[%emt 0:00:02]} Qe7 {[%emt 0:00:18]} 17. Nc6 {[%emt 0:00:06]} Qd7 {[%emt 0:00:04]} 18. Ne5 {[%emt 0:00:02]} Qe7 {[%emt 0:00:14]} 1/2-1/2

[Event "Canary Islands-ch 2019"]
[Site "La Palma"]
[Date "2019.05.04"]
[Round "5.3"]
[White "Cubas Cabrera, Angel Luis"]
[Black "Perez Bolanos, David"]
[Result "1-0"]
[WhiteElo "2123"]
[BlackElo "1844"]
[Annotator "ChessBase"]
[PlyCount "84"]
[EventDate "2019.05.02"]
[EventType "swiss"]
[EventCountry "ESP"]
[SourceTitle "playchess.com"]
[Source "ChessBase"]
[SourceQuality "1"]
[TimeControl "5400+30"]

1. d4 {[%emt 0:00:00]} f5 {[%emt 0:00:13]} 2. Nc3 {[%emt 0:00:00]} Nf6 {[%emt 0:00:39]} 3. Bg5 {[%emt 0:00:00]} e6 {[%emt 0:01:58]} 4. e4 {[%emt 0:00:00]} fxe4 {[%emt 0:04:32]} 5. Nxe4 {[%emt 0:00:00]} Be7 {[%emt 0:00:15]} 6. Bxf6 {[%emt 0:00:25]} Bxf6 {[%emt 0:00:09]} 7. Qh5+ {[%emt 0:00:10]} g6 {[%emt 0:00:41]} 8. Qh6 {[%emt 0:00:05]} d5 {[%emt 0:02:35]} 9. Nxf6+ {[%emt 0:00:53]} Qxf6 {[%emt 0:00:08]} 10. O-O-O {[%emt 0:04:37]} Bd7 {[%emt 0:06:26]} 11. Nf3 {[%emt 0:03:24]} Nc6 {[%emt 0:04:13]} 12. Bb5 {[%emt 0:10:53]} O-O-O {[%emt 0:08:43]} 13. Bxc6 {[%emt 0:01:31]} Bxc6 {[%emt 0:02:34]} 14. Rde1 {[%emt 0:06:24]} Rde8 {[%emt 0:04:10]} 15. Re3 {[%emt 0:10:50]} Re7 {[%emt 0:06:36]} 16. h4 {[%emt 0:05:20]} Rf8 {[%emt 0:04:42]} 17. Rhe1 {[%emt 0:01:43]} Bd7 {[%emt 0:04:05]} 18. Qg5 {[%emt 0:10:51]} Qxg5 {[%emt 0:07:49]} 19. hxg5 {[%emt 0:00:08]} Rf5 {[%emt 0:03:35]} 20. Rh1 {[%emt 0:04:01]} b6 {[%emt 0:01:32]} 21. Kd2 {[%emt 0:10:24]} Kb7 {[%emt 0:02:46]} 22. Re5 {[%emt 0:04:52]} Ref7 {[%emt 0:03:14]} 23. Ree1 {[%emt 0:00:56]} Re7 {[%emt 0:02:09]} 24. Rh4 {[%emt 0:00:30]} c5 {[%emt 0:02:49]} 25. c3 {[%emt 0:00:09]} cxd4 {[%emt 0:00:07]} 26. cxd4 {[%emt 0:00:05]} a6 {[%emt 0:01:06]} 27. Reh1 {[%emt 0:00:30]} Rff7 {[%emt 0:00:06]} 28. Ke3 {[%emt 0:00:45]} Kc7 {[%emt 0:03:26]} 29. Ne5 {[%emt 0:00:24]} Rg7 {[%emt 0:00:05]} 30. f4 {[%emt 0:00:55]} Be8 {[%emt 0:00:18]} 31. Ng4 {[%emt 0:00:30]} Bf7 {[%emt 0:00:07]} 32. Rxh7 {[%emt 0:00:50]} Be8 {[%emt 0:00:38]} 33. Rxg7 {[%emt 0:03:01]} Rxg7 {[%emt 0:00:10]} 34. Rh8 {[%emt 0:02:45]} Bd7 {[%emt 0:01:23]} 35. Ne5 {[%emt 0:00:55]} a5 {[%emt 0:00:10]} 36. Rf8 {[%emt 0:00:25]} Kd6 {[%emt 0:00:14]} 37. Rd8 {[%emt 0:01:46]} Kc7 {[%emt 0:00:33]} 38. Rxd7+ {[%emt 0:01:36]} Rxd7 {[%emt 0:00:06]} 39. Nxd7 {[%emt 0:00:01]} Kxd7 {[%emt 0:00:09]} 40. g4 {[%emt 0:00:03]} Ke7 {[%emt 0:00:10]} 41. f5 {[%emt 0:00:06]} exf5 {[%emt 0:00:24]} 42. gxf5 {[%emt 0:00:07]} gxf5 {[%emt 0:00:03] Ke4 [%emt 00:00:13]} 1-0

[Event "Canary Islands-ch 2019"]
[Site "La Palma"]
[Date "2019.05.05"]
[Round "6.1"]
[White "Ramirez Medina, Victor"]
[Black "Cubas Cabrera, Angel Luis"]
[Result "1-0"]
[WhiteElo "2233"]
[BlackElo "2123"]
[Annotator "NA"]
[PlyCount "87"]
[EventDate "2019.05.02"]
[EventType "swiss"]
[EventCountry "ESP"]
[SourceTitle "playchess.com"]
[Source "ChessBase"]
[SourceQuality "1"]
[TimeControl "5400+30"]

1. d4 {[%emt 0:02:31]} d5 {[%emt 0:00:00]} 2. c4 {[%emt 0:00:09]} e6 {[%emt 0:00:00]} 3. Nf3 {[%emt 0:00:07]} Nf6 {[%emt 0:00:00]} 4. g3 {[%emt 0:00:09]} Be7 {[%emt 0:00:20]} 5. Bg2 {[%emt 0:00:10]} O-O {[%emt 0:00:07]} 6. O-O {[%emt 0:00:07]} dxc4 {[%emt 0:00:27]} 7. Qc2 {[%emt 0:00:11]} b6 {[%emt 0:00:19] E05: Open Catalan: 5 Nf3 Be7} (7... a6 8. Qxc4 b5 9. Qc2 Bb7 10. Bd2 Be4 11. Qc1 c6 12. Rd1 Nbd7 13. Nc3 Bg6 14. a3 Rc8 15. b4 Nd5 16. Be1 Qc7 17. e3 h6 18. Qb2 N5b6 19. Qe2 {½-½ (31) Yu,Y (2751)-Giri,A (2797) Shenzhen 2019}) 8. Bg5 {[%emt 0:00:15]} Nd5 {[%emt 0:13:37]} 9. Bxe7 {[%emt 0:03:13]} Qxe7 {[%emt 0:00:08]} 10. Nbd2 {[%emt 0:07:25]} Bb7 {[%emt 0:13:31]} 11. Nxc4 {[%emt 0:01:38]} c5 {[%emt 0:08:34]} 12. dxc5 {[%emt 0:15:34]} bxc5 {[%emt 0:18:01]} 13. Nce5 $146 {[%emt 0:07:18]} ({Predecessor:} 13. a3 Nc6 14. e3 Rab8 15. Rac1 {1-0 (27) Dhulipalla,B (2352)-Hasan,M (2180) Chittagong 2018}) 13... h6 {[%emt 0:07:11]} 14. Rac1 {[%emt 0:06:47]} Rc8 {[%emt 0:07:41]} 15. Rfd1 {[%emt 0:02:22]} Nc6 {[%emt 0:03:47]} 16. Nxc6 {[%emt 0:08:33]} Rxc6 {[%emt 0:00:01]} 17. Ne5 {[%emt 0:01:28]} Rcc8 {[%emt 0:00:45]} 18. b3 {[%emt 0:04:10]} Nb6 {[%emt 0:04:40]} 19. Bxb7 {[%emt 0:05:50]} Qxb7 {[%emt 0:00:03]} 20. Rd3 {[%emt 0:02:03]} Nd5 {[%emt 0:03:18]} 21. Rd2 {[%emt 0:03:58]} a5 {[%emt 0:05:14]} 22. Nc4 {[%emt 0:02:50]} Qa6 {[%emt 0:01:59]} 23. e4 {[%emt 0:05:30]} Nb4 {[%emt 0:01:29]} 24. Qc3 {[%emt 0:00:31]} a4 {[%emt 0:01:49]} 25. bxa4 {[%emt 0:03:23]} Qc6 $2 {[%emt 0:03:46]} (25... Rd8 $14) 26. a3 {[%emt 0:01:52]} Na6 {[%emt 0:00:33]} 27. Rcd1 {[%emt 0:01:31]} Rab8 {[%emt 0:01:16]} 28. a5 {[%emt 0:00:20]} Nc7 {[%emt 0:02:03]} 29. a4 {[%emt 0:04:22]} Re8 {[%emt 0:01:33]} 30. Qe5 {[%emt 0:02:28]} (30. Qc2 $18) 30... Qxa4 {[%emt 0:00:42]} 31. Nd6 {[%emt 0:02:35]} ({Much less strong is} 31. Qxc7 $6 Qxc4 32. Rd7 Qa4 $14) 31... Rf8 {[%emt 0:00:24]} 32. Qxc5 {[%emt 0:00:30]} Nb5 $16 {[%emt 0:00:29]} 33. e5 {[%emt 0:02:18]} Qxa5 {[%emt 0:02:09]} 34. Rb2 {[%emt 0:00:57]} Qa4 {[%emt 0:00:20]} 35. Rdb1 {[%emt 0:00:29]} Nxd6 {[%emt 0:00:22]} 36. Rxb8 {[%emt 0:00:12]} Ne8 {[%emt 0:00:17]} 37. Qe7 {[%emt 0:01:01]} g6 {[%emt 0:00:22]} 38. Rc1 {[%emt 0:01:03]} h5 {[%emt 0:00:24]} 39. h4 {[%emt 0:00:31]} Kg7 {[%emt 0:00:26]} 40. Rd8 {[%emt 0:01:50]} Qb5 {[%emt 0:00:31]} 41. Rcc8 {[%emt 0:00:36]} Qb1+ {[%emt 0:00:09]} 42. Kh2 {[%emt 0:00:08]} Qa2 {[%emt 0:00:07]} 43. Qc5 {[%emt 0:00:12]} Qa4 {[%emt 0:00:05]} 44. Ra8 {[%emt 0:00:27]} 1-0

[Event "Canary Islands-ch 2019"]
[Site "La Palma"]
[Date "2019.05.05"]
[Round "6.2"]
[White "Korneev Leskova, Svyatoslav"]
[Black "Martin Hernandez, Ruben"]
[Result "0-1"]
[WhiteElo "2156"]
[BlackElo "2170"]
[Annotator "RC"]
[PlyCount "79"]
[EventDate "2019.05.02"]
[EventType "swiss"]
[EventCountry "ESP"]
[SourceTitle "playchess.com"]
[Source "ChessBase"]
[SourceQuality "1"]
[TimeControl "5400+30"]

1. c4 {[%emt 0:00:00]} e5 {[%emt 0:02:43]} 2. g3 {[%emt 0:00:00]} Nc6 {[%emt 0:01:28]} 3. Bg2 {[%emt 0:00:08]} f5 {[%emt 0:00:52]} 4. Nc3 {[%emt 0:00:16]} Nf6 {[%emt 0:00:23]} 5. d3 {[%emt 0:00:13]} Bb4 {[%emt 0:03:18]} 6. e3 {[%emt 0:03:50]} Bxc3+ {[%emt 0:01:49]} 7. bxc3 {[%emt 0:00:09]} O-O {[%emt 0:00:06]} 8. Ne2 {[%emt 0:01:26]} d6 {[%emt 0:02:03]} 9. Rb1 {[%emt 0:00:53]} e4 {[%emt 0:00:17]} 10. d4 {[%emt 0:03:06]} Na5 {[%emt 0:02:53]} 11. c5 {[%emt 0:13:41]} dxc5 {[%emt 0:06:42]} 12. Ba3 {[%emt 0:11:20]} b6 {[%emt 0:00:04]} 13. O-O {[%emt 0:01:54]} Be6 {[%emt 0:02:31]} 14. dxc5 {[%emt 0:06:05]} Qxd1 {[%emt 0:12:22]} 15. Rfxd1 {[%emt 0:04:26]} Nc4 {[%emt 0:00:20]} 16. Bc1 {[%emt 0:02:53]} bxc5 {[%emt 0:07:07]} 17. Nf4 {[%emt 0:03:33]} Bf7 {[%emt 0:00:27]} 18. Bf1 {[%emt 0:01:54]} Rfd8 {[%emt 0:03:42]} 19. Rxd8+ {[%emt 0:00:22]} Rxd8 {[%emt 0:00:02]} 20. Kg2 {[%emt 0:00:21]} g5 {[%emt 0:00:52]} 21. Nh3 {[%emt 0:00:34]} h6 {[%emt 0:03:05]} 22. Be2 {[%emt 0:01:09]} Nb6 {[%emt 0:03:48]} 23. Rb5 {[%emt 0:00:59]} Na4 {[%emt 0:05:19]} 24. Ra5 {[%emt 0:02:43]} Nxc3 {[%emt 0:00:09]} 25. Bf1 {[%emt 0:00:20]} Rd1 {[%emt 0:02:06]} 26. Bb2 {[%emt 0:00:10]} Ncd5 {[%emt 0:00:15]} 27. Bxf6 {[%emt 0:03:13]} Nxf6 {[%emt 0:00:31]} 28. Rxc5 {[%emt 0:00:21]} Nd5 {[%emt 0:07:53]} 29. Ra5 {[%emt 0:03:24]} Rd2 {[%emt 0:01:45]} 30. Kg1 {[%emt 0:00:36]} Bh5 {[%emt 0:06:01]} 31. f4 {[%emt 0:17:46]} Nxe3 {[%emt 0:04:12]} 32. Ra3 {[%emt 0:00:34]} Nxf1 33. Kxf1 {[%emt 0:00:02]} Rd1+ {[%emt 0:05:22]} 34. Kf2 {[%emt 0:00:22]} Bg4 {[%emt 0:00:41]} 35. Ng1 {[%emt 0:00:22]} Rd2+ {[%emt 0:00:25]} 36. Kf1 {[%emt 0:01:20]} Rxh2 {[%emt 0:00:34]} 37. Rc3 {[%emt 0:01:10]} Rxa2 {[%emt 0:00:51]} 38. Rxc7 {[%emt 0:00:08]} gxf4 {[%emt 0:00:32]} 39. gxf4 {[%emt 0:00:07]} h5 {[%emt 0:00:26]} 40. Ke1 {[%emt 0:00:58]} 0-1